Experimentación : Una introducción a la teoría de mediciones y al diseño de experimentos

में बचाया:
ग्रंथसूची विवरण
मुख्य लेखक: Baird, David Carr
अन्य लेखक: Castro Peña, Jesús Traductor/a
स्वरूप: पुस्तक
भाषा:Spanish
प्रकाशित: México : Prentice Hall, 1991.
विषय:
टैग: टैग जोड़ें
कोई टैग नहीं, इस रिकॉर्ड को टैग करने वाले पहले व्यक्ति बनें!

MARC

LEADER 00000nam a2200000Ia 4500
003 000203
005 20221231143939.0
008 140114s1991 mx a 000 ||spa d
040 |c cru CEDI 
082 |a 530.8 B168e 
100 |a Baird, David Carr  |9 19812 
245 |a Experimentación : Una introducción a la teoría de mediciones y al diseño de experimentos  
260 |a México : Prentice Hall,   |c 1991. 
300 |a xii, 207páginas : ilustraciones ; 21 cm 
500 |a Traducción de : Experimentation: An introduction to measurement theory and expreriment design. 
650 |x FISICA   |x  MEDICIONES  |9 19815 
700 |9 19814  |a Castro Peña, Jesús  |d Traductor/a 
942 |2 ddc  |c BK 
999 |c 14639  |d 14639